By direction of the Right Honourable The Earl of Malmesbury, Bournemouth, Hants (Record no. 116516)

MARC details
000 -LEADER
fixed length control field 01003cam a22001935a 4500
001 - CONTROL NUMBER
control field L140886
008 - FIXED-LENGTH DATA ELEMENTS--GENERAL INFORMATION
fixed length control field 071016s1923 xxk eng u
035 ## - SYSTEM CONTROL NUMBER
System control number (Sirsi) u140886
041 0# - LANGUAGE CODE
Language code of text/sound track or separate title eng
110 2# - MAIN ENTRY--CORPORATE NAME
Corporate name or jurisdiction name as entry element Fox and Sons
9 (RLIN) 3519
245 03 - TITLE STATEMENT
Title By direction of the Right Honourable The Earl of Malmesbury, Bournemouth, Hants
Remainder of title particulars, plans and conditions of sale of freehold ground rents secured on about 2 000 houses, 122 shops, three licensed hotels, three schools, two church halls, golf club house, laundry...which Messrs. Fox and Sons are favoured with instructions to sell by auction in separate lots...at the Havergal Hall, Post Office Road, Bournemouth on [Wednesday 23rd-Friday 25th May 1923 and Tuesday 29th-Thursday 31st May 1923]...
260 ## - PUBLICATION, DISTRIBUTION, ETC.
Place of publication, distribution, etc. S.l.
Name of publisher, distributor, etc. s.n.
Date of publication, distribution, etc. [1923]
300 ## - PHYSICAL DESCRIPTION
Extent 161 p.
Other physical details ill.
Dimensions 39 cm.
340 ## - PHYSICAL MEDIUM
Material base and configuration Printed
351 ## - ORGANIZATION AND ARRANGEMENT OF MATERIALS
Hierarchical level Single item
651 4# - SUBJECT ADDED ENTRY--GEOGRAPHIC NAME
Geographic name Bournemouth
690 ## - LOCAL SUBJECT ADDED ENTRY--TOPICAL TERM (OCLC, RLIN)
Topical term or geographic name as entry element PROPERTY-PROPERTY ACQUISITION AND DISPOSAL-ACQUISITION AND DISPOSAL AT AUCTION
942 ## - ADDED ENTRY ELEMENTS (KOHA)
Suppress in OPAC 0
Holdings
Withdrawn status Lost status Source of classification or shelving scheme Damaged status Not for loan Home library Current library Shelving location Date acquired Total Checkouts Full call number Barcode Date last seen Copy number Price effective from Koha item type
    Dewey Decimal Classification     London London Basement 16/10/2007   BASEMENT BOX 2 30013153 06/08/2019 1 06/08/2019 Archive